[Event "Itzehoe op"]
[Site "Itzehoe"]
[Date "2022.10.03"]
[Round "5"]
[White "Heinrich, Sebastian"]
[Black "Knappe, Stefan1111"]
[Result "1-0"]
[WhiteElo "1686"]
[BlackElo "1323"]
[PlyCount "61"]
[EventDate "2022.10.01"]
[EventType "swiss"]
[EventRounds "5"]
[EventCountry "GER"]
[SourceTitle "CBM 210 Extra"]
[Source "ChessBase"]
[SourceDate "2022.11.30"]
[SourceVersion "1"]
[SourceVersionDate "2022.11.30"]
[SourceQuality "1"]

1. d4 d5 2. Bf4 Nf6 3. Nc3 Nc6 4. Nb5 e5 5. dxe5 Nh5 6. e3 Nxf4 7. exf4 a6 8. Nd4 Nxd4 9. Qxd4 c5 10. Qd3 Bd7 11. Qxd5 Bc6 12. Qb3 Be7 13. Nf3 0-0 14. Be2 Bd5 15. Bc4 Bxc4 16. Qxc4 b5 17. Qe4 f6 18. 0-0 fxe5 19. fxe5 Qc7 20. Rad1 Rad8 21. g3 h5 22. Kg2 g5 23. Qg6+ Kh8 24. Qxh5+ Kg8 25. Qg6+ Kh8 26. Nxg5 Qb7+ 27. f3 Bxg5 28. Qxg5 Rxd1 29. Qh5+ Kg8 30. Qg4+ Kh8 31. Rxd1 1-0

[Event "GER-ch Net Amateur Gr-B Vor2"]
[Site "Playchess.com INT"]
[Date "2020.04.15"]
[Round "3"]
[White "Bendrich, Thorsten"]
[Black "Heinrich, Sebastian"]
[Result "1-0"]
[WhiteElo "1639"]
[BlackElo "1523"]
[PlyCount "57"]
[EventDate "2020.04.15"]
[EventType "swiss (blitz)"]
[EventRounds "9"]
[EventCountry "GER"]
[SourceTitle "CBM 196 Extra"]
[Source "ChessBase"]
[SourceDate "2020.07.31"]
[SourceVersion "1"]
[SourceVersionDate "2020.07.31"]
[SourceQuality "1"]

1. Nc3 Nf6 2. e4 e6 3. f4 Bc5 4. Nf3 0-0 5. d4 d5 6. dxc5 dxe4 7. Qxd8 Rxd8 8. Ng5 Nc6 9. Ngxe4 Ng4 10. h3 Nh6 11. Be3 Nb4 12. Rc1 Nf5 13. Bf2 b6 14. a3 Nc6 15. Bb5 Ncd4 16. 0-0 a6 17. Bd3 b5 18. Ne2 Nxe2+ 19. Bxe2 Bb7 20. Bf3 Rd4 21. Bxd4 Nxd4 22. Nf6+ gxf6 23. Bxb7 Rb8 24. Bf3 Rd8 25. c3 Nf5 26. Rcd1 Re8 27. Kf2 e5 28. fxe5 fxe5 29. Be4 1-0

[Event "GER-ch Net blitz qual3"]
[Site "Playchess.com INT"]
[Date "2020.03.21"]
[Round "3"]
[White "Hapke, Thorsten"]
[Black "Heinrich, Sebastian"]
[Result "0-1"]
[WhiteElo "1564"]
[BlackElo "1686"]
[PlyCount "60"]
[EventDate "2020.03.21"]
[EventType "swiss (blitz)"]
[EventRounds "9"]
[EventCountry "GER"]
[SourceTitle "CBM 195 Extra"]
[Source "ChessBase"]
[SourceDate "2020.05.31"]
[SourceVersion "1"]
[SourceVersionDate "2020.05.31"]
[SourceQuality "1"]

1. c4 g6 2. Nc3 Bg7 3. d4 d6 4. e4 c5 5. d5 Nf6 6. f3 0-0 7. Be3 e6 8. Qd2 exd5 9. cxd5 Nfd7 10. Nge2 Ne5 11. h3 Nc4 12. Qc1 Nxe3 13. Qxe3 Nd7 14. 0-0-0 Ne5 15. f4 Nc4 16. Qd3 b5 17. g4 a5 18. Kb1 Ba6 19. f5 b4 20. Na4 Na3+ 21. Qxa3 bxa3 22. bxa3 Rb8+ 23. Kc2 Qd7 24. Nec3 Bb5 25. Bxb5 Rxb5 26. Nxb5 Qxb5 27. Nc3 Qc4 28. Rd3 Bxc3 29. Rxc3 Qxe4+ 30. Kd2 Qxh1 0-1

[Event "GER-ch Net blitz qual3"]
[Site "Playchess.com INT"]
[Date "2020.03.21"]
[Round "2"]
[White "Heinrich, Sebastian"]
[Black "Armbrust, Matthias"]
[Result "0-1"]
[WhiteElo "1686"]
[BlackElo "1834"]
[PlyCount "58"]
[EventDate "2020.03.21"]
[EventType "swiss (blitz)"]
[EventRounds "9"]
[EventCountry "GER"]
[SourceTitle "CBM 195 Extra"]
[Source "ChessBase"]
[SourceDate "2020.05.31"]
[SourceVersion "1"]
[SourceVersionDate "2020.05.31"]
[SourceQuality "1"]

1. d4 g6 2. Nc3 d5 3. Bf4 Bg7 4. e3 Nc6 5. Nf3 a6 6. Be2 Nf6 7. h4 h5 8. a3 Bf5 9. Ne5 Ne4 10. Nxc6 bxc6 11. Nxe4 dxe4 12. 0-0 c5 13. d5 Bxb2 14. Rb1 Bxa3 15. Rb3 Bb4 16. c3 Ba5 17. Qa1 Bb6 18. c4 f6 19. f3 a5 20. fxe4 Bxe4 21. Bg5 0-0 22. Bh6 Rf7 23. g3 a4 24. Rf4 axb3 25. Qb2 Bc2 26. g4 Ra2 27. Qc3 Ba5 28. g5 Bxc3 29. gxf6 Bxf6 0-1

[Event "GER-ch Net blitz qual3"]
[Site "Playchess.com INT"]
[Date "2020.03.21"]
[Round "8"]
[White "Heinrich, Sebastian"]
[Black "Schaefer, Erich"]
[Result "0-1"]
[WhiteElo "1686"]
[BlackElo "1321"]
[PlyCount "46"]
[EventDate "2020.03.21"]
[EventType "swiss (blitz)"]
[EventRounds "9"]
[EventCountry "GER"]
[SourceTitle "CBM 195 Extra"]
[Source "ChessBase"]
[SourceDate "2020.05.31"]
[SourceVersion "1"]
[SourceVersionDate "2020.05.31"]
[SourceQuality "1"]

1. d4 d5 2. Bf4 Nc6 3. Nc3 Bf5 4. Nb5 e5 5. dxe5 a6 6. Nc3 d4 7. Na4 b5 8. Nc3 dxc3 9. bxc3 Qh4 10. g3 Qe7 11. Bg2 Rd8 12. Bxc6+ Bd7 13. Bxd7+ Rxd7 14. Qc1 Qd8 15. Nf3 Ne7 16. 0-0 Ng6 17. Bg5 Be7 18. Bxe7 Qxe7 19. Qe3 0-0 20. Rad1 Rfd8 21. Rd3 Rxd3 22. cxd3 Nf8 23. Qa7 Ne6 0-1

[Event "GER-ch Net blitz qual3"]
[Site "Playchess.com INT"]
[Date "2020.03.21"]
[Round "1"]
[White "Perkampus, Laurin"]
[Black "Heinrich, Sebastian"]
[Result "1-0"]
[WhiteElo "2086"]
[BlackElo "1686"]
[PlyCount "45"]
[EventDate "2020.03.21"]
[EventType "swiss (blitz)"]
[EventRounds "9"]
[EventCountry "GER"]
[SourceTitle "CBM 195 Extra"]
[Source "ChessBase"]
[SourceDate "2020.05.31"]
[SourceVersion "1"]
[SourceVersionDate "2020.05.31"]
[SourceQuality "1"]

1. d4 Nf6 2. c4 e6 3. Nc3 Bb4 4. Qc2 d5 5. cxd5 Nxd5 6. Nf3 0-0 7. e4 Nxc3 8. bxc3 Be7 9. Bd3 c5 10. 0-0 Nc6 11. d5 exd5 12. exd5 Qxd5 13. Bxh7+ Kh8 14. Be4 Qh5 15. Rd1 Bg4 16. Rd5 f5 17. h3 Bxh3 18. gxh3 Qxh3 19. Bxf5 Qxf3 20. Bg6 Qxd5 21. f4 c4 22. Qh2+ Kg8 23. Qh7# 1-0

[Event "GER-ch Net blitz qual2"]
[Site "Playchess.com INT"]
[Date "2020.03.16"]
[Round "8"]
[White "Reich, Jason"]
[Black "Heinrich, Sebastian"]
[Result "0-1"]
[WhiteElo "1529"]
[BlackElo "1686"]
[PlyCount "114"]
[EventDate "2020.03.16"]
[EventType "swiss (blitz)"]
[EventRounds "9"]
[EventCountry "GER"]
[SourceTitle "CBM 195 Extra"]
[Source "ChessBase"]
[SourceDate "2020.05.31"]
[SourceVersion "1"]
[SourceVersionDate "2020.05.31"]
[SourceQuality "1"]

1. d4 Nf6 2. c4 e6 3. Nf3 Bb4+ 4. Bd2 Bxd2+ 5. Nbxd2 d5 6. e3 0-0 7. Bd3 dxc4 8. Nxc4 Nc6 9. 0-0 Nb4 10. Be2 b6 11. a3 Nbd5 12. Qd2 Bb7 13. e4 Nxe4 14. Qc2 Nef6 15. Nfd2 Nf4 16. Bf3 Bxf3 17. Nxf3 Ne2+ 18. Kh1 Nxd4 19. Qd3 Nxf3 20. Qxf3 Qd5 21. Ne3 Qxf3 22. gxf3 Rad8 23. Rac1 c5 24. b4 cxb4 25. axb4 Nd5 26. b5 Rc8 27. Kg2 g6 28. Ra1 Nxe3+ 29. fxe3 Rc2+ 30. Kg3 Rb2 31. Rxa7 Rxb5 32. Rb7 Rb3 33. Re1 b5 34. f4 Rc8 35. Kf3 b4 36. Rd1 Rb2 37. Rd4 b3 38. Rdb4 Rc3 39. Rd4 Rb1 40. h4 b2 41. Rd2 Rf1+ 42. Ke2 b1Q 43. Rxb1 Rxb1 44. Rd8+ Kg7 45. h5 gxh5 46. f5 exf5 47. e4 fxe4 48. Rd5 Rb2+ 49. Kd1 Rh3 50. Kc1 Ra2 51. Rg5+ Kf6 52. Rg1 Ra1+ 53. Kd2 Rxg1 54. Ke2 Rg2+ 55. Kf1 Ra2 56. Kg1 Rb3 57. Kf1 Rb1# 0-1

[Event "GER-ch Net blitz qual1"]
[Site "Playchess.com INT"]
[Date "2020.03.07"]
[Round "1"]
[White "Lambertz, Michael"]
[Black "Heinrich, Sebastian"]
[Result "1-0"]
[WhiteElo "2025"]
[BlackElo "1686"]
[PlyCount "55"]
[EventDate "2020.03.07"]
[EventType "swiss (blitz)"]
[EventRounds "9"]
[EventCountry "GER"]
[SourceTitle "CBM 195 Extra"]
[Source "ChessBase"]
[SourceDate "2020.05.31"]
[SourceVersion "1"]
[SourceVersionDate "2020.05.31"]
[SourceQuality "1"]

1. e4 c5 2. c3 Nc6 3. d4 cxd4 4. cxd4 d6 5. Nc3 a6 6. Bg5 g6 7. f4 Bg7 8. e5 dxe5 9. dxe5 Bf5 10. Qf3 Qb6 11. Qf2 Qxf2+ 12. Kxf2 h6 13. Bh4 f6 14. exf6 Bxf6 15. Bg3 Rd8 16. Nf3 e6 17. Bc4 Nge7 18. Rhe1 Kf7 19. Nh4 Bd4+ 20. Kf1 Nd5 21. Nxf5 e5 22. Bxd5+ Rxd5 23. Nxd5 gxf5 24. fxe5 Ke6 25. Nf4+ Kd7 26. e6+ Kc7 27. Rad1 Re8 28. b3 1-0

[Event "GER-ch Net blitz qual1"]
[Site "Playchess.com INT"]
[Date "2020.03.07"]
[Round "5"]
[White "Stierhof, Michael"]
[Black "Heinrich, Sebastian"]
[Result "1-0"]
[WhiteElo "1547"]
[BlackElo "1686"]
[PlyCount "53"]
[EventDate "2020.03.07"]
[EventType "swiss (blitz)"]
[EventRounds "9"]
[EventCountry "GER"]
[SourceTitle "CBM 195 Extra"]
[Source "ChessBase"]
[SourceDate "2020.05.31"]
[SourceVersion "1"]
[SourceVersionDate "2020.05.31"]
[SourceQuality "1"]

1. Nf3 Nf6 2. g3 g6 3. b3 Bg7 4. Bb2 0-0 5. Bg2 c6 6. 0-0 d5 7. d3 Nbd7 8. Nbd2 Qc7 9. e4 e6 10. Qe2 dxe4 11. dxe4 Nb6 12. a4 Rd8 13. a5 Nbd7 14. Nc4 Nc5 15. Be5 Qe7 16. Rfd1 Ncxe4 17. Rxd8+ Qxd8 18. Rd1 Qe8 19. Nd4 Nc3 20. Qd3 Nxd1 21. Qxd1 b5 22. Bxc6 Qd8 23. Bxa8 bxc4 24. Qf3 cxb3 25. cxb3 Ba6 26. Nc6 Qe8 27. Bxf6 1-0

[Event "Hamburg St Pauli op-B"]
[Site "Hamburg"]
[Date "2014.07.20"]
[Round "3"]
[White "Muenstermann, Claudia"]
[Black "Heinrich, Sebastian"]
[Result "1/2-1/2"]
[WhiteElo "1773"]
[BlackElo "1572"]
[PlyCount "104"]
[EventDate "2014.07.19"]
[EventType "swiss"]
[EventRounds "9"]
[EventCountry "GER"]
[SourceTitle "CBM 161 Extra"]
[Source "ChessBase"]
[SourceDate "2014.08.29"]
[SourceVersion "1"]
[SourceVersionDate "2014.08.29"]
[SourceQuality "1"]

1. e4 c5 2. Nf3 Nc6 3. d4 cxd4 4. Nxd4 g6 5. c4 Bg7 6. Nc2 Nf6 7. Nc3 0-0 8. Be2 Qc7 9. Be3 d6 10. f3 Ne5 11. b3 b6 12. Qd2 Bb7 13. 0-0 Rad8 14. Rac1 Nc6 15. Rfd1 e6 16. Na3 Qb8 17. Bf4 Ne5 18. Qe3 Rfe8 19. Bg5 Rd7 20. f4 Nc6 21. Bf3 Nb4 22. Nab5 d5 23. e5 Nh5 24. g4 h6 25. Bh4 Nxf4 26. Qxf4 g5 27. Bxg5 hxg5 28. Qxg5 Qxe5 29. Qxe5 Bxe5 30. a3 a6 31. axb4 axb5 32. Nxb5 Red8 33. cxd5 Bxd5 34. Bxd5 Rxd5 35. Nc3 Rxd1+ 36. Rxd1 Rxd1+ 37. Nxd1 Bd6 38. b5 Kg7 39. Kg2 Kg6 40. h4 f5 41. Kf3 Be7 42. Ne3 Bxh4 43. gxf5+ exf5 44. Nd5 Bd8 45. Kf4 Bg5+ 46. Ke5 f4 47. Nxf4+ Bxf4+ 48. Kxf4 Kf6 49. Ke4 Ke6 50. Kd4 Kd6 51. b4 Ke6 52. Ke4 Kd6 1/2-1/2

[Event "Schleswig Holstein-ch U16 Vormeister"]
[Site "Neumuenster"]
[Date "2011.04.30"]
[Round "8.3"]
[White "Linowitzki, Jakob"]
[Black "Heinrich, Sebastian"]
[Result "1-0"]
[WhiteElo "1518"]
[BlackElo "1179"]
[PlyCount "81"]
[EventDate "2011.04.25"]
[EventType "swiss"]
[EventRounds "9"]
[EventCountry "GER"]
[SourceTitle "EXT 2022"]
[Source "ChessBase"]
[SourceDate "2021.10.06"]
[SourceVersion "1"]
[SourceVersionDate "2021.10.06"]
[SourceQuality "1"]

1. d4 d5 2. c4 c6 3. Nf3 Nf6 4. e3 Bf5 5. Nc3 Nbd7 6. Nh4 Be6 7. Qb3 Rb8 8. f4 dxc4 9. Bxc4 Bxc4 10. Qxc4 Nb6 11. Qb3 e6 12. 0-0 Be7 13. Nf3 0-0 14. Rd1 Nbd5 15. Nxd5 cxd5 16. Bd2 Ne4 17. Rac1 Qd7 18. Ne5 Nxd2 19. Nxd7 Nxb3 20. axb3 Bd6 21. Nxf8 Rxf8 22. Rc2 g6 23. Rdc1 Bb4 24. Rc8 Rxc8 25. Rxc8+ Kg7 26. Rc7 a5 27. Rxb7 h5 28. h3 Kf6 29. g4 hxg4 30. hxg4 Kg7 31. Kf2 Bd2 32. Ke2 Bb4 33. e4 dxe4 34. Ke3 Kf6 35. Kxe4 Bd2 36. Rb5 g5 37. Rxg5 Bb4 38. Rb5 Bd2 39. Rb6 Bb4 40. Rxb4 axb4 41. Kd3 1-0

[Event "Schleswig Holstein-ch U16 Vormeister"]
[Site "Neumuenster"]
[Date "2010.04.07"]
[Round "4"]
[White "Heinrich, Sebastian"]
[Black "Funk, Moritz"]
[Result "0-1"]
[WhiteElo "1159"]
[BlackElo "1561"]
[PlyCount "82"]
[EventDate "2010.04.05"]
[EventType "swiss"]
[EventRounds "9"]
[EventCountry "GER"]
[SourceTitle "EXT 2023"]
[Source "ChessBase"]
[SourceDate "2022.10.05"]
[SourceVersion "1"]
[SourceVersionDate "2022.10.05"]
[SourceQuality "1"]

1. e4 e6 2. d4 d5 3. e5 c5 4. c3 Nc6 5. Nf3 Bd7 6. Be3 Qb6 7. Qc2 Rc8 8. Qe2 cxd4 9. cxd4 Nge7 10. Nc3 Nf5 11. a3 Nfxd4 12. Nxd4 Nxd4 13. Qd1 Qxb2 14. Bxd4 Rxc3 15. Rb1 Qxa3 16. Bxc3 Qxc3+ 17. Qd2 Qxe5+ 18. Be2 Bc6 19. Qc2 Bd6 20. g3 d4 21. 0-0 Qd5 22. f3 Qc5 23. Qd3 Qc3 24. Rfc1 Qxd3 25. Bxd3 Kd7 26. Kf2 a5 27. Bb5 Bb4 28. Bxc6+ bxc6 29. Rc4 c5 30. Ke2 a4 31. Rbxb4 cxb4 32. Rxb4 Ra8 33. Rxd4+ Kc6 34. Rd1 Kc5 35. Kd3 Rd8+ 36. Kc2 Rxd1 37. Kxd1 Kd4 38. Kd2 a3 39. Kc2 e5 40. Kb3 Ke3 41. Kxa3 Kxf3 0-1

[Event "Schleswig Holstein-ch U14 VM"]
[Site "Neumuenster"]
[Date "2008.03.28"]
[Round "7"]
[White "Heinrich, Sebastian"]
[Black "Winter, Hauke"]
[Result "0-1"]
[WhiteElo "755"]
[BlackElo "1015"]
[PlyCount "66"]
[EventDate "2008.03.24"]
[EventType "swiss"]
[EventRounds "9"]
[EventCountry "GER"]
[SourceTitle "EXT 2009"]
[Source "ChessBase"]
[SourceDate "2008.11.26"]
[SourceVersion "1"]
[SourceVersionDate "2008.11.26"]
[SourceQuality "1"]

1. e4 e5 2. Nf3 Nc6 3. Nc3 Nf6 4. Bc4 Nxe4 5. Nxe4 d5 6. Bxd5 Qxd5 7. Nc3 Qd6 8. 0-0 Bf5 9. d4 Nxd4 10. Bg5 f6 11. Be3 Nxf3+ 12. gxf3 Bh3 13. Re1 f5 14. Ne2 f4 15. Bxf4 exf4 16. Nxf4+ Be7 17. Nxh3 Qd7 18. Ng5 0-0 19. Ne4 Qh3 20. Qd2 Rxf3 21. Ng5 Qg4+ 22. Kf1 Bxg5 23. Qe2 Bf4 24. Qe4 Qh3+ 25. Ke2 Qh5 26. Kd1 Re3+ 27. Kd2 Rxe4+ 28. Kc3 Rxe1 29. Rxe1 Re8 30. Rxe8+ Qxe8 31. b4 Qe5+ 32. Kc4 Bd2 33. h4 b5+ 0-1

[Event "Schleswig Holstein-ch U14 VM"]
[Site "Neumuenster"]
[Date "2008.03.24"]
[Round "1"]
[White "Falke, Johannes"]
[Black "Heinrich, Sebastian"]
[Result "1-0"]
[WhiteElo "1041"]
[BlackElo "755"]
[PlyCount "115"]
[EventDate "2008.03.24"]
[EventType "swiss"]
[EventRounds "9"]
[EventCountry "GER"]
[SourceTitle "EXT 2009"]
[Source "ChessBase"]
[SourceDate "2008.11.26"]
[SourceVersion "1"]
[SourceVersionDate "2008.11.26"]
[SourceQuality "1"]

1. e4 e5 2. Nf3 Nc6 3. d4 d6 4. Bb5 Bd7 5. Nc3 Nf6 6. Bc4 Be7 7. Be3 0-0 8. Qd3 Nh5 9. Rg1 Bf6 10. 0-0-0 Bg4 11. d5 Nd4 12. Bxd4 exd4 13. Ne2 Bxf3 14. Qxf3 Bg5+ 15. Kb1 Nf6 16. Nxd4 Qe7 17. Bd3 Qe5 18. Ne2 Qxh2 19. Ng3 Qh6 20. Rh1 Qg6 21. e5 Ne4 22. Bxe4 f5 23. Bxf5 Qe8 24. Bxh7+ Kh8 25. Bg6+ Bh6 26. Bxe8 Rxf3 27. gxf3 Rxe8 28. e6 Re7 29. Nf5 Re8 30. Nxh6 gxh6 31. Rxh6+ Kg7 32. Rdh1 Rf8 33. Rh7+ Kf6 34. Rf7+ Rxf7 35. exf7 Kxf7 36. Rh7+ Ke8 37. Rxc7 Kd8 38. Rxb7 Kc8 39. Rxa7 Kd8 40. f4 Ke8 41. f5 Kf8 42. f6 Ke8 43. f4 Kf8 44. f5 Ke8 45. Kc1 Kf8 46. Kd2 Kg8 47. Kd3 Kf8 48. Ke4 Kg8 49. Kf4 Kh8 50. f7 Kg7 51. Kg5 Kf8 52. Ra6 Kxf7 53. Rxd6 Ke7 54. Re6+ Kf7 55. d6 Kf8 56. d7 Kf7 57. d8Q Kg7 58. Re7# 1-0